| 000 | 00578nam a22001937a 4500 | ||
|---|---|---|---|
| 999 |
_c8929 _d8929 |
||
| 003 | AR-CdUCM | ||
| 008 | 190327b ||||| |||| 00| 0 spa d | ||
| 040 |
_aMUNICIPALIDAD PROVINCIAL DEL CUSCO _cBIBLIOTECA MUNICIPAL DEL CUSCO |
||
| 082 |
_a869.75 / _bD98 |
||
| 100 |
_aDuque Sanchez, Emiro _924799 |
||
| 245 | _aCause - Poemas / | ||
| 260 |
_aVenezuela : _bMulticolor , _c1941. |
||
| 300 |
_a149 páginas ; _c21 cm. |
||
| 650 |
_aPoesia Venezolana _911161 |
||
| 650 |
_aPoesia Latinoamericana _92147 |
||
| 650 |
_aPoesia en Prosa _917039 |
||
| 942 |
_2ddc _cLIBROS |
||
| 945 | _artm | ||